| 000 | 00713nam a2200241 a 4500 | ||
|---|---|---|---|
| 008 | |||
| 020 | _a9781856048255 (pbk.) | ||
| 049 | _aMAIN | ||
| 090 |
_aCD950 _bARC |
||
| 245 | 1 | 0 |
_aArchives and Recordkeeping: Theory into practice. / _cedited by Carolin, Frank |
| 260 |
_aLondon : _bFacet, _c2014 |
||
| 300 |
_axxiii. 260p. : _c24cm. |
||
| 504 | _aIncludes bibliographical references. | ||
| 500 | _aIncludes index. | ||
| 650 | _aEthics for archivists. | ||
| 650 | _aRecords appraisal. | ||
| 650 | 1 | _aRecords and Archives. | |
| 907 |
_a.b10397310 _b21-03-19 _c19-03-19 |
||
| 003 | |||
| 005 | 20250922161616.0 | ||
| 040 | _cNUST | ||
| 942 |
_cBOOKS _kCD950 _mARC _02 |
||
| 999 |
_c168475 _d168475 |
||